Regions by Flag - Statistics

General Stats
  • This quiz has been taken 605 times
  • The average score is 12 of 24
Answer Stats
Flag Region % Correct
Scotland
96%
California
85%
Hong Kong
83%
Greenland
82%
Puerto Rico
79%
Catalonia
73%
Quebec
63%
New Mexico
60%
Bavaria
55%
Åland Islands
53%
Corsica
48%
Aruba
47%
Christmas Island
45%
Somaliland
41%
French Guiana
38%
French Polynesia
37%
Nunavut
33%
São Paulo
32%
Wallonia
30%
Queensland
18%
Bern
17%
Moscow Oblast
15%
Tuscany
13%
Leinster
12%
No matching quizzes found
Score Distribution
Percent of People with Each Score
Percentile by Number Answered
Your Score History
You have not taken this quiz